Preukazovanie doby zamestnaní
Dĺžka občanom získanej doby zamestnania je základným činiteľom, ktorý ovplyvňuje vznik nároku na dávku dôchodkového zabezpečenia, ako aj jej výšku. Zákon č. 100/1988 Zb. o sociálnom zabezpečení stanovuje minimum získanej doby zamestnania, tzv. potrebnú dobu zamestnania. Ako sa preukazujú jednotlivé...
Gespeichert in:
| 1. Verfasser: | |
|---|---|
| Format: | Buchkapitel |
| Sprache: | Slowakisch |
| Schlagworte: | |
| Tags: |
Keine Tags, Fügen Sie das erste Tag hinzu!
|
MARC
| LEADER | 00000naa a2200000 4500 | ||
|---|---|---|---|
| 001 | r032832 | ||
| 005 | 20230922130957.3 | ||
| 041 | 0 | |a slo | |
| 044 | |a SK | ||
| 245 | 1 | 0 | |a Preukazovanie doby zamestnaní |c Timea Vörösová |
| 520 | |a Dĺžka občanom získanej doby zamestnania je základným činiteľom, ktorý ovplyvňuje vznik nároku na dávku dôchodkového zabezpečenia, ako aj jej výšku. Zákon č. 100/1988 Zb. o sociálnom zabezpečení stanovuje minimum získanej doby zamestnania, tzv. potrebnú dobu zamestnania. Ako sa preukazujú jednotlivé doby zamestnania a náhradné doby na účely dôchodkového zabezpečenia. | ||
| 610 | 2 | 0 | |a doba zamestnania |
| 610 | 2 | 0 | |a zabezpečenie dôchodkové |
| 610 | 2 | 0 | |a zabezpečenie sociálne |
| 610 | 2 | 0 | |a dôchodky invalidné |
| 610 | 2 | 0 | |a dôchodky starobné |
| 610 | 2 | 0 | |a Slovensko |
| 100 | 1 | |a Vörösová, Timea | |